000
00320 a2200109 4500
001
ART_9754
005
20260410161838.0
008
260409a
245
1
0
_a
La importancia temporaria
100
1
_a
Fratalocchi, Aldo
773
0
_t
Contabilidad y administración
_g
- Año 6, Nº 69 (mar. 1983)
_w
REV5485
999
_c
23874
_d
23874